000
00289nam a2200109Ia 4500
008
190216s9999||||xx |||||||||||||| ||und||
100
_a
Edward Hasting Charilerslui
245
4
_a
The Theory Of Monopolistic Compeition
260
_b
Oxford University Press
650
_a
Economics
942
_c
BK
999
_c
9093
_d
9093